A mese sokszínű világa

Elmentve itt :
Bibliográfiai részletek
Szerző: H. Tóth István
Dokumentumtípus: Cikk
Megjelent: 1994
Sorozat:Módszertani közlemények 34 No. 2
Kulcsszavak:Neveléstudomány
Online Access:http://acta.bibl.u-szeged.hu/27956
LEADER 00597nab a2200181 i 4500
001 acta27956
005 20210222152022.0
008 161017s1994 hu o 0|| hun d
022 |a 1219-0039 
040 |a SZTE Egyetemi Kiadványok Repozitórium  |b hun 
041 |a hun 
100 2 |a H. Tóth István 
245 1 2 |a A mese sokszínű világa  |h [elektronikus dokumentum] /  |c  H. Tóth István 
260 |c 1994 
300 |a 69-73 
490 0 |a Módszertani közlemények  |v 34 No. 2 
695 |a Neveléstudomány 
856 4 0 |u http://acta.bibl.u-szeged.hu/27956/1/modszertani_034_002_069-073.pdf  |z Dokumentum-elérés